000 00471nab a22001457 4500
003 ES-SlBC
005 20210327223942.0
008 130712s2012 fr ||||| |||| 00| 0 fre d
040 _aES-SlBC
_bspa
041 _afre
100 1 _aGagné, André
_945394
245 1 0 _aJésus, la lumière et le Père vivant. Principe de gémellité dans l'Évangile selon Thomas
_cAndré Gagné
773 0 _gNúm. 23, 2012, págs. 209-222
_tApocrypha
_wRev49
_x1155-3316
942 _2lcc
_cAR
999 _c423453
_d423453